TOP 10 - Beste Deutsche Meister (nach Niederlagen) - Statistiken

Allgemein
  • Dieses Quiz wurde 124 mal gespielt
  • Das Durchschnittsergebnis liegt bei 9 aus 10
Antwortstatistiken
Rang Verein Saison Niederlagen % Korrekt
1 Bayer 04 Leverkusen 2023/24 0
100%
2 FC Bayern München 2012/13 1
99%
3 FC Bayern München 2007/08 2
98%
4 FC Bayern München 2013/14 2
97%
5 FC Bayern München 2015/16 2
95%
6 FC Bayern München 2016/17 2
95%
7 FC Bayern München 1996/97 3
94%
8 Bayer 04 Leverkusen** 1999/00 3
89%
9 FC Bayern München 2005/06 3
87%
10 Borussia Dortmund 2011/12 3
87%
Keine übereinstimmenden Quizze gefunden
Verteilung der Resultate
Anzahl Personen mit jedem Resultat
Perzentil nach korrekt beantworteten Fragen
Ihre Resultats-Entwicklung
Sie haben dieses Quiz noch nicht gespielt